My Boy Only Breaks His Favorite Toys Lyrics - Statistics

General Stats
  • This quiz has been taken 40 times
    39 since last reset
  • The average score is 196 of 263
Answer Stats
Answer % Correct
boy
100%
breaks
100%
favorite
100%
his
100%
my
100%
on
100%
only
100%
to
100%
toys
100%
go
96%
he
96%
I
96%
a
91%
Oh
91%
oh
91%
the
91%
we
91%
castles
87%
destroys
87%
I'm
87%
in
87%
it
87%
me
87%
of
87%
queen
87%
sand
87%
when
87%
again
83%
head
83%
here
83%
him
83%
too
83%
voices
83%
cause
78%
for
78%
night
78%
saw
74%
should've
74%
so
74%
up
74%
was
74%
you
74%
at
70%
but
70%
dead
70%
first
70%
forever
70%
know
70%
heat
65%
knew
65%
not
65%
pieces
65%
puzzle
65%
seen
65%
smashed
65%
there
65%
this
65%
touch
65%
army
61%
best
61%
friend
61%
gonna
61%
he's
61%
much
61%
time
61%
and
57%
danger
57%
doll
57%
fix
57%
got
57%
just
57%
mall
57%
matter
57%
out
57%
plastic
57%
purchased
57%
down
52%
known
52%
miss
52%
our
52%
say
52%
sickest
52%
smile
52%
all
48%
back
48%
could've
48%
days
48%
I'd
48%
once
48%
play
48%
reasons
48%
right
48%
rivulets
48%
shelf
48%
took
48%
because
43%
box
43%
fit
43%
I'll
43%
litany
43%
myself
43%
played
43%
repeating
43%
tell
43%
that
43%
wild
43%
with
43%
called
39%
end
39%
felt
39%
keeps
39%
loves
39%
more
39%
pretend
39%
sandlot
39%
than
39%
descend
35%
Kens
35%
off
35%
put
35%
rain
35%
runs
35%
better
30%
left
26%
told
26%
broken
22%
pull
22%
string
22%
these
22%
parts
17%
No matching quizzes found
Score Distribution
Percent of People with Each Score
Percentile by Number Answered
Your Score History
You have not taken this quiz since the last reset